000 00841nam a2200229 i 4500
001 32913
003 ES-MaACL
005 20230910063045.0
007 t|
008 030131s1923 sp ||||1| spa d
080 _a913(234.1 Pedriza)
100 1 _aBernaldo de Quirós, Constancio,
_d1873-1959
_928215
245 1 3 _aLa Pedriza del Real Manzanares /
_cpor Constancio Bernaldo de Quirós.
250 _a2ª ed. corr. y aum.
260 _aMadrid :
_b[s.n.],
_c1923.
300 _a174 p., [1] h. pleg. de mapa ;
_c20 cm.
500 _aPrecede al tít.: Comisaria Regia del Turismo y Cultura Artística.
651 4 _aPedriza del Manzanares-
_xDescripción.
_9147225
710 1 _aEspaña.
_bComisaría Regia del Turismo.
_9175864
852 4 _aES-MaACL
_jG-3516
_z- Dedicatoria autógrafa del autor
999 _c32913
_d32913